Presidents of Costa Rica by Picture - Statistics

General Stats
  • This quiz has been taken 36 times
  • The average score is 36 of 51
Answer Stats
Picture Hint Answer % Correct
1847-1849 | 1866-1868 José María Castro Madriz
100%
1948-1949 | 1953-1958 | 1970-1974 José Figueres Ferrer
93%
1994-1998 José María Figueres
93%
1936-1940 León Cortés Castro
93%
2002-2006 Abel Pacheco
87%
2010-2014 Laura Chinchilla
87%
1940-1944 Rafael Ángel Calderón Guardia
87%
1894-1902 Rafael Yglesias Castro
87%
2018-2022 Carlos Alvarado Quesada
80%
1917-1919 Fedrico Tinoco Granados
80%
1966-1970 José Joaquín Trejos Fernández
80%
1849-1859 Juan Rafael Mora Porras
80%
2014-2018 Luis Guillermo Solís
80%
1986-1990 | 2006-2010 Óscar Arias
80%
1882-1885 Próspero Fernández Oreamuno
80%
1990-1994 Rafael Ángel Calderón Fournier
80%
1910-1914 | 1924-1928 | 1932-1936 Ricardo Jiménez Oreamuno
80%
1978-1982 Rodrigo Carazo Odio
80%
2022-Present Rodrigo Chaves Robles
80%
1914-1917 Alfredo González Flores
73%
1974-1978 Daniel Oduber Quirós
73%
1842 Francisco Morazán
73%
1824-1833 | 1837 Juan Mora Fernández
73%
1982-1986 Luis Alberto Monge
73%
1998-2002 Miguel Ángel Rodríguez
73%
1849 Miguel Mora Porras
73%
1949-1953 Otilio Ulate Blanco
73%
1944-1948 Teodoro Picado Michalski
73%
1870-1876 | 1877-1882 Tomás Guardia Gutiérrez
73%
1876-1877 Vicente Herrera Zeledón
73%
1885-1890 Bernardo Soto Alfaro
67%
1835-1837 | 1838-1842 Braulio Carrillo Colina
67%
1906-1910 | 1928-1932 Cleto González Víquez
67%
1833-1835 | 1845-1846 José Rafael Gallegos
67%
1958-1962 Mario Echandi Jiménez
67%
1948 Santos León Herrera
67%
1962-1966 Francisco Orlich Bolmarcich
60%
1890-1894 José Joaquín Rodríguez Zeledón
60%
1859-1863 José María Montealegre
60%
1920-1924 Julio Acosta García
60%
1842 António Pinto Soares
53%
1844 Francisco María Oreamuno Bonilla
53%
1882 Saturnino Lizano Gutiérrez
53%
1876 Aniceto Esquivel Sáenz
47%
1902-1906 Ascensión Esquivel Ibarra
47%
1870 Bruno Carranza
47%
1919 Juan Bautista Quirós Segura
47%
1837-1838 Manuel Aguilar Chacón
47%
1919-1920 Francisco Aguilar Barquero
40%
1863-1866 | 1868-1870 Jesús Jiménez Zamora
40%
1842-1844 | 1846-1847 José María Alfaro Zamora
40%
No matching quizzes found
Score Distribution
Percent of People with Each Score
Percentile by Number Answered
Your Score History
You have not taken this quiz